Quizzes
Events
Quiz Creation
Community
Videos
Private Events
Remove Ads
Sign In
Join for FREE
Feedback
Dark Mode
Quiz Categories
Sports
Geography
Music
Movies
Television
Just For Fun
Miscellaneous
History
Literature
Language
Science
Gaming
Entertainment
Religion
Holiday
For Kids
Quiz Lab
Recent
Popular Today
Quiz Kudos Today
Editor Picks
Curator Picks
Quizzes by...
Day
Popularity
Type
Ratings
Length
Year
Community
Subscriptions
Recent Discussions
Orange Saloon
Badges
Playlists
Quests
Create
Leaderboards
Showdown
Live 5
Trivia Bingo
Activity
Puzzle Library
Sporcle Events
Private Events
Virtual Trivia
Globe League
Become a Host
Pub Owners
SporcleCon
Opinionation
Our Games
Videos
Blog
Mobile Apps
Partnerships
Remove Ads and Go Orange
Feedback
Sports
Athletes
MLB
NBA
NHL
NFL
Soccer
Sports Teams
WWE
NCAA
Football
Premier League
Basketball
Baseball
Hockey
Golf
Tennis
Cricket
Rugby
Auto Racing
Olympics
World Cup
Sports
Athletes
MLB
NBA
NHL
NFL
Soccer
Sports Teams
WWE
NCAA
Football
Premier League
Basketball
Baseball
Hockey
Golf
Tennis
Cricket
Rugby
Auto Racing
Olympics
World Cup
Random Quiz
Search Sporcle
×
Quiz Lab
Quiz Lab
Sports
League
Type in answers that appear in a list
Type in answers that appear in a list
Classic
Best Score? Go Orange.
Premier League Assists Stats
Can you name the top 30 Premier League assisters?
By
TeamFA
8m
30 Questions
9,195 Plays
9,195 Plays
9,195 Plays
Comments
Comments
Give Quiz Kudos
Give Quiz Kudos
-
- Ratings
hide this ad
Replay
Link that replays current quiz
Next Quiz
Link to next quiz in quiz playlist
You Got
0%
They Got
Avg Score
53%
Avg Friend Score
Upgrade to see
Score Distribution
Jump to the score distribution portion of the page
Score
0/30
Timer
08:00
0
Plays Today
Club
Player Name
% Correct
Manchester United
Ryan Giggs
95.4%
West Ham, Chelsea, Manchester City
Frank Lampard
94.5%
Everton, Manchester United
Wayne Rooney
94.3%
Liverpool
Steven Gerrard
93%
Arsenal, Chelsea
Cesc Fabregas
92.1%
Manchester United
Paul Scholes
88.1%
Arsenal
Thierry Henry
84.7%
Manchester United
David Beckham
75.2%
Leeds, Newcastle, Aston Villa, Manchester City, Liverpool
James Milner
68.3%
Arsenal
Dennis Bergkamp
67.5%
Newcastle, Manchester United, Blackburn, Fulham, Manchester City, Portsmouth, Birmingham, Sunderland
Andy Cole
66.4%
Southampton, Blackburn, Newcastle
Alan Shearer
65.8%
Manchester City
David Silva
61.8%
Southampton
Matthew Le Tissier
58.1%
Nottingham Forest, Tottenham, Manchester United, Tottenham, Portsmouth, West Ham
Teddy Sheringham
54.4%
Club
Player Name
% Correct
Aston Villa, Manchester City, Everton
Gareth Barry
53.4%
Watford, Aston Villa, Manchester United
Ashley Young
52.1%
Aston Villa, Southampton, Liverpool, Portsmouth, Tottenham, Stoke
Peter Crouch
50.2%
Leeds, Manchester United
Eric Cantona
44.7%
Chelsea
Didier Drogba
41%
Middlesbrough, Aston Villa, Liverpool, West Ham, Middlesbrough
Stewart Downing
39.4%
Leicester, Liverpool, Birmingham, Wigan, Aston Villa
Emile Heskey
34.3%
Blackburn, Chelsea, Newcastle, Fulham
Damien Duff
30.4%
Liverpool, Charlton, Tottenham, Fulham, Blackburn
Danny Murphy
22.9%
Southampton, Blackburn, Bolton
Kevin Davies
21.4%
Leeds, Chelsea, Middlesbrough, Charlton
Jimmy Floyd Hasselbaink
19.1%
Newcastle, Aston Villa, Newcastle, West Ham
Nolberto Solano
16.1%
Liverpool, Manchester City
Steve McManaman
10.9%
Fulham, Tottenham, Sunderland
Steed Malbranque
9.6%
Tottenham, Birmingham
Darren Anderton
9.3%
Quiz Playlist
Details
Report
Send in Message
Add To Playlist
Classic:
Type in answers that appear in a list
Last Updated: Jun 30, 2017
Quiz Scoreboard
CHALLENGE
Sign Up to Join the Scoreboard
Show All
Scores
Hide
Comments
May contain spoilers
Recently Published
9x9 Crossword: Cartoon Network
by jackfrog10
Miscellaneous
3m
College Basketball Coaching Resumes
by pancakes188
Sports
9m
Billboard Blitz: Fleetwood Mac
by CooCooCachoo
Music
15s
More to Explore
Quiz From the Vault
Featured Blog Post
Where Did the Easter Bunny Come From?
hide this ad
You Might Also Like...
Tags
assist
club
League
Player
Premier
Today's Top Quizzes in Sports
Browse Sports
hide this ad
Today's Top Quizzes in League
Browse League
Top Contributed Quizzes in Sports
1
2022 World Cup Stars
2
Les meilleurs buteurs des matchs entre le PSG et l’OM
3
FIFA Club World Cup Champions
4
Les entraîneurs de l'OM et du PSG au 21e siècle
5
Criteria MLB: Left Handed Sluggers
6
AFC Teams Reveal (Wrong Answers Minefield)
7
2023 MLB Unique Player Accomplishments
8
5-to-1: FBS Animal Nicknames
9
Players with Multiple 50 Home Run Seasons
10
5-to-1: UK Sports Teams
Explore More
Trending Topics
Anime
Marvel
Kpop
Disney
Crossword
NBA
Harry Potter
Soccer
WWE
Puzzle
The Office
NFL
Country
Pokémon
Song
hide this ad
More By:
TeamFA
Quiz
Plays
Rating
Category
Featured
Created
35 Players who've rejoined former clubs
118,444
4.12
Sports
Jul 30, 2016
Premier League Clubs
64,561
4.60
Sports
Feb 7, 2018
Relegated Premier League Clubs
56,522
4.50
Sports
Feb 25, 2018
Premier League 100 Club
49,987
4.67
Sports
Jan 17, 2017
Players to score 20+ PL goals in a season
47,322
4.60
Sports
Mar 19, 2018
Go to Creator's Profile
Score Distribution
Quiz Creator Spotlight
TeamFA
Follow
Send a Message
Quizzes Created
-
Created Quiz Play Count
-
More By This Creator
Popular Quizzes Today
1
Find the US States - No Outlines Minefield
2
Find the Countries of Europe - No Outlines Minefield
3
The Countries of the World
4
Find the US States
5
Risky Map Clicking: Biggest States A-Z
6
US States
7
Popular People in 1961
8
Movies - When Are They Set?
More Sports Quizzes
'C' Names for NBA Players
Quiz Lab
Trending Quizzes
Risky Map Clicking: Least Populous States A-Z
1-10 Letter G Words
1-10 Letter F Words
Risky Map Clicking: Next State Alphabetically
Adjectives in 80s TV Shows
Recently Updated
Leaping Animals
pecheneg
Reality TV Shows (A-Z)
bhenderson79
Rickey Henderson's Hall of Fame Teammates
pecheneg
Champions League XIs: Arsenal
pecheneg
Quick Pick: Celebrities in WWE's Hall of Fame
aduchscher
A-Z Keypad Blitz II
pecheneg
Multiple Oscar Actors
pecheneg
Mystery Phrase Blitz: Oscar 'Best Actors'
pecheneg
F. Scott Fitzgerald Novels
LTH
Pick 3 Villains
ddd62291
Trending Topics
Crossword
NBA
Anime
Harry Potter
Marvel
Disney
Kpop
Song
Pokémon
NFL
Puzzle
Country
WWE
The Office
Soccer
Your Account Isn't Verified!
In order to create a playlist on Sporcle, you need to verify the email address you used during registration. Go to your
Sporcle Settings
to finish the process.
Report this User
Report this user for behavior that violates our
Community Guidelines
.
Details:
Send Report
Go to the Sporcle.com Mobile Site →
Comments